Szybkie pisanie od a do z - Statystyki

Ogólne statystyki
  • Ten quiz został rozwiązany 31 razy
  • Średni wynik to 14 z 15
Statystyki odpowiedzi
Hint Odpowiedź % Poprawnych
A A
100%
B B
100%
C C
95%
D D
95%
E E
95%
H H
90%
I I
90%
J J
90%
N N
90%
F F
86%
G G
86%
K K
86%
L L
86%
M M
86%
O O
86%
Nie znaleziono quizów pasujących do podanych kryteriów
Rozkład punktacji
Procent ludzi z każdym wynikiem
Percentyl według liczby udzielonych odpowiedzi
Twoja historia wyników
Nie rozwiązałeś tego quizu